Missale romanvm ex decreto sacro sancti concilii tridenti restitvtvm (Record no. 8213)

MARC details
000 -CABECERA
campo de control de longitud fija 01222nam a2200325 a 4500
001 - NÚMERO DE CONTROL
campo de control BRCA_8550
005 - FECHA Y HORA DE LA ÚLTIMA TRANSACCIÓN
campo de control 20190320210328.0
008 - DATOS DE LONGITUD FIJA--INFORMACIÓN GENERAL
campo de control de longitud fija 150816s1630----it-a######---#000-0#lat-#
041 ## - CÓDIGO DE LENGUA
Código de lengua del texto/banda sonora o título independiente lat
044 ## - CÓDIGO DEL PAÍS DE LA ENTIDAD EDITORA/PRODUCTORA
Código MARC del país it
050 #4 - SIGNATURA TOPOGRÁFICA DE LA BIBLIOTECA DEL CONGRESO
Número de clasificación BX1970
Número de documento/Ítem .V73
-- 1630
100 1# - ENTRADA PRINCIPAL--NOMBRE DE PERSONA
Nombre de persona Papae Octavi
9 (RLIN) 21428
245 10 - MENCIÓN DE TÍTULO
Título Missale romanvm ex decreto sacro sancti concilii tridenti restitvtvm
Mención de responsabilidad, etc. Papae Octavi.
260 ## - PUBLICACIÓN, DISTRIBUCIÓN, ETC.
Lugar de publicación, distribución, etc. Romae
Nombre del editor, distribuidor, etc. Ex typographia vaticana
Fecha de publicación, distribución, etc. 1630
300 ## - DESCRIPCIÓN FÍSICA
Extensión 413, ixxv p.
Otras características físicas il.
Dimensiones 36 cm
500 ## - NOTA GENERAL
Nota general Fondo antiguo
500 ## - NOTA GENERAL
Nota general Se encuentra en Caja Fuerte
500 ## - NOTA GENERAL
Nota general W-141
500 ## - NOTA GENERAL
Nota general Texto impreso a dos columnas en tinta negro y rojo
500 ## - NOTA GENERAL
Nota general Grabado y firma en portada
500 ## - NOTA GENERAL
Nota general Incluye tablas y partituras
500 ## - NOTA GENERAL
Nota general Uso de letras capitulares
500 ## - NOTA GENERAL
Nota general Con Ex-libris de: Franz Mayer
500 ## - NOTA GENERAL
Nota general Nota de encuadernación: en piel con dorados, edición de cantos dorados
505 0# - NOTA DE CONTENIDO CON FORMATO
Nota de contenido con formato Missae propriae sanctorum tam de praecepto, quam ad libitum; juxta recentiora decreta summarum pontificum, 1758
506 0# - NOTA DE RESTRICCIONES AL ACCESO
Limitaciones de acceso Fondo reservado: para su consulta es necesario credencial de usuario y carta de motivos
650 14 - PUNTO DE ACCESO ADICIONAL DE MATERIA--TÉRMINO DE MATERIA
Término de materia o nombre geográfico como elemento de entrada Iglesia católica
Término indicativo de función/relación Liturgia
Subdivisión de forma textos
9 (RLIN) 21429
902 ## - CATALOGADOR
Iniciales LAR
942 ## - ELEMENTOS DE PUNTO DE ACCESO ADICIONAL (KOHA)
Fuente del sistema de clasificación o colocación Library of Congress Classification
Tipo de ítem Koha Libros
Holdings
Estado de retiro Estado de pérdida Estado dañado No para préstamo Localización permanente Ubicación/localización actual Fecha de adquisición Número de inventario Total de préstamos Signatura topográfica completa Código de barras Fecha visto por última vez Precio válido a partir de Tipo de ítem Koha
El ejemplar forma parte de la colección y puede ser consultado según las políticas vigentes.       Biblioteca del Museo Franz Mayer (Rogerio Casas-Alatriste) Biblioteca del Museo Franz Mayer (Rogerio Casas-Alatriste) 15/08/2016 W-141   BX1970 .V73 1630 (W-141) LAR00053 22/03/2019 22/03/2019 Libros